|
|
|
|
| LEADER |
00000cam a2200000 a 4500 |
| 001 |
vtls008355499 |
| 003 |
SK-MaSNL |
| 005 |
20260301092811.0 |
| 008 |
190102s1975 xo a n 000 0 slo |
| 015 |
|
|
|a SNBA1975/11-02696
|
| 035 |
|
|
|a SK01SNK19750047716
|
| 035 |
|
|
|a SKM000050179
|
| 040 |
|
|
|a SNK
|b slo
|c SNK
|e AACR2
|
| 041 |
0 |
|
|a slo
|
| 044 |
|
|
|a xo
|c SK
|
| 080 |
|
|
|a 57(075.8)
|2 1981
|
| 245 |
1 |
0 |
|a Biológia pre postgraduálne štúdium stredoškolských profesorov
|c Vladimír Sekerka ... [et al.]
|
| 260 |
|
|
|a Bratislava
|b Slovenské pedagogické nakladateľstvo
|c 1975
|e Nitra
|f Nitrianske tlačiarne
|
| 300 |
|
|
|a 484, [4] s.
|b sch., tab.
|c 8°
|
| 366 |
|
|
|e 2000 výtl.
|
| 504 |
|
|
|a Obsahuje bibliografiu
|
| 650 |
0 |
7 |
|a biológia
|2 SNKPH
|9 689
|
| 650 |
0 |
7 |
|a postgraduálne štúdium
|2 SNKPH
|9 69091
|
| 650 |
0 |
7 |
|a učitelia stredných škôl
|2 SNKPH
|9 424178
|
| 655 |
|
7 |
|a príručky
|2 SNKPH
|9 74364
|
| 700 |
1 |
|
|a Sekerka, Vladimír,
|d 1933-
|4 aut
|9 223784
|
| 852 |
|
|
|a Slovenská národná knižnica
|
| 958 |
|
|
|a OND
|
| 958 |
|
|
|a NB
|
| 958 |
|
|
|a RK
|
| 999 |
|
|
|c 675113
|d 677043
|
| 952 |
|
|
|a SNK
|b SNK
|y PREZ
|7 0
|p 17A0958320
|o snkSC 37560
|i snkKSP 7329/75
|0 0
|1 0
|4 0
|d 1998-02-26
|l 0
|r 2025-10-10 00:00:00
|w 2026-02-23
|
| 952 |
|
|
|a SNK
|b SNK
|y VYP
|7 0
|p 17A0397092
|o snkSC 37560 D1
|i snkKSP 7330/75
|0 0
|1 0
|4 0
|d 1998-02-26
|l 0
|r 2005-01-02 00:00:00
|w 2026-02-23
|